[Event "WYCC Open 10"]
[Site "Porto Carras"]
[Date "2015.10.26"]
[Round "2.12"]
[White "Eidelman, Gabriel"]
[Black "Tugstumur, Yesuntumur"]
[Result "1/2-1/2"]
[BlackElo "1960"]
[WhiteElo "1705"]
[LiveChessVersion "1.4.6"]

1. e4 {[%clk 1:30:56]} c5 {[%clk 1:30:53]} 2. Nf3 {[%clk 1:31:15]} Nc6
{[%clk 1:31:09]} 3. Nc3 {[%clk 1:31:36]} e6 {[%clk 1:29:38]} 4. d4
{[%clk 1:31:57]} cxd4 {[%clk 1:30:00]} 5. Nxd4 {[%clk 1:32:18]} a6
{[%clk 1:30:20]} 6. g3 {[%clk 1:32:30]} Nf6 {[%clk 1:25:24]} 7. Bg2
{[%clk 1:32:45]} Bc5 {[%clk 1:21:51]} 8. Nxc6 {[%clk 1:28:55]} bxc6
{[%clk 1:11:23]} 9. e5 {[%clk 1:24:25]} Nd5 {[%clk 1:05:16]} 10. Nxd5
{[%clk 1:19:31]} exd5 {[%clk 0:51:34]} 11. O-O {[%clk 1:04:25]} O-O
{[%clk 0:45:46]} 12. b3 {[%clk 0:58:00]} Qb6 {[%clk 0:44:13]} 13. Bb2
{[%clk 0:53:56]} a5 {[%clk 0:40:20]} 14. Qd2 {[%clk 0:43:59]} a4 {[%clk 0:36:30]}
15. Rfd1 {[%clk 0:37:48]} Re8 {[%clk 0:33:43]} 16. Bc3 {[%clk 0:33:49]} axb3
{[%clk 0:28:38]} 17. axb3 {[%clk 0:30:56]} Rxa1 {[%clk 0:27:12]} 18. Rxa1
{[%clk 0:30:00]} d4 {[%clk 0:21:46]} 19. Bb2 {[%clk 0:27:21]} Rxe5
{[%clk 0:16:20]} 20. Rd1 {[%clk 0:26:34]} d5 {[%clk 0:15:19]} 21. Bf1
{[%clk 0:09:53]} Bf5 {[%clk 0:13:56]} 22. Bd3 {[%clk 0:03:40]} Bxd3
{[%clk 0:12:27]} 23. Qxd3 {[%clk 0:03:56]} Re4 {[%clk 0:12:16]} 24. Kg2
{[%clk 0:03:19]} Qb5 {[%clk 0:10:32]} 25. Qxb5 {[%clk 0:03:06]} cxb5
{[%clk 0:10:58]} 26. Kf3 {[%clk 0:03:07]} g5 {[%clk 0:10:49]} 27. h3
{[%clk 0:02:11]} h5 {[%clk 0:10:21]} 28. Kg2 {[%clk 0:01:26]} Kg7
{[%clk 0:08:51]} 29. Kf1 {[%clk 0:01:27]} g4 {[%clk 0:08:21]} 30. hxg4
{[%clk 0:01:51]} hxg4 {[%clk 0:08:48]} 31. Ra1 {[%clk 0:01:33]} Bb4
{[%clk 0:08:40]} 32. Rd1 {[%clk 0:01:25]} Bc5 {[%clk 0:07:11]} 33. Ra1
{[%clk 0:01:44]} Bb4 {[%clk 0:04:36]} 34. Rd1 {[%clk 0:02:06]} Kf6
{[%clk 0:04:00]} 35. Bxd4+ {[%clk 0:01:45]} Ke6 {[%clk 0:04:18]} 36. c3
{[%clk 0:01:41]} Bd6 {[%clk 0:04:41]} 37. Re1 {[%clk 0:00:40]} Kf5
{[%clk 0:04:32]} 38. Rxe4 {[%clk 0:00:42]} Kxe4 {[%clk 0:04:58]} 39. Ke2
{[%clk 0:01:05]} b4 {[%clk 0:04:40]} 40. Kd2 {[%clk 0:30:43]} f5 {[%clk 0:34:33]}
41. Be3 {[%clk 0:12:17]} bxc3+ {[%clk 0:32:25]} 42. Kxc3 {[%clk 0:12:32]} Be5+
{[%clk 0:32:39]} 43. Kd2 {[%clk 0:12:40]} d4 {[%clk 0:32:32]} 44. Bg5
{[%clk 0:01:19]} Kf3 {[%clk 0:31:51]} 45. Ke1 {[%clk 0:01:31]} d3
{[%clk 0:31:08]} 46. Be3 {[%clk 0:01:29]} Bxg3 {[%clk 0:31:25]} 47. b4
{[%clk 0:01:27]} Be5 {[%clk 0:31:26]} 48. Bc5 {[%clk 0:01:28]} Bc3+
{[%clk 0:29:52]} 49. Kd1 {[%clk 0:01:25]} Bxb4 {[%clk 0:21:58]} 50. Bxb4
{[%clk 0:01:54]} Kxf2 {[%clk 0:22:20]} 51. Bc5+ {[%clk 0:02:01]} Kf3
{[%clk 0:22:28]} 52. Kd2 {[%clk 0:01:48]} f4 {[%clk 0:15:40]} 53. Bd6
{[%clk 0:01:23]} Ke4 {[%clk 0:12:05]} 54. Bc7 {[%clk 0:01:27]} g3
{[%clk 0:11:45]} 55. Bd6 {[%clk 0:01:28]} Kf3 {[%clk 0:11:21]} 56. Kxd3
{[%clk 0:01:46]} Kg4 {[%clk 0:11:41]} 57. Ke2 {[%clk 0:01:33]} f3+
{[%clk 0:11:50]} 58. Kf1 {[%clk 0:01:48]} Kh4 {[%clk 0:12:12]} 59. Bxg3+
{[%clk 0:01:54]} Kxg3 {[%clk 0:12:36]} 60. Kg1 {[%clk 0:02:12]} Kf4
{[%clk 0:12:46]} 61. Kf2 {[%clk 0:02:32]} Ke4 {[%clk 0:13:11]} 62. Kf1
{[%clk 0:02:54]} Ke3 {[%clk 0:13:32]} 63. Ke1 {[%clk 0:03:17]} Ke4
{[%clk 0:13:59]} 64. Kf2 {[%clk 0:03:38]} Kf4 {[%clk 0:14:25]} 1/2-1/2

[Event "WYCC Open 10"]
[Site "Porto Carras"]
[Date "2015.10.27"]
[Round "3.1"]
[White "Zuo, Yifan"]
[Black "Sindarov, Javokhir"]
[Result "0-1"]
[BlackElo "2299"]
[WhiteElo "1793"]
[LiveChessVersion "1.4.6"]

1. d4 {[%clk 1:30:55]} Nf6 {[%clk 1:30:54]} 2. c4 {[%clk 1:31:14]} g6
{[%clk 1:31:21]} 3. Nc3 {[%clk 1:31:37]} Bg7 {[%clk 1:31:47]} 4. e4
{[%clk 1:31:50]} d6 {[%clk 1:32:14]} 5. f3 {[%clk 1:32:12]} O-O {[%clk 1:32:31]}
6. Be3 {[%clk 1:32:35]} b6 {[%clk 1:32:51]} 7. Bd3 {[%clk 1:30:49]} c5
{[%clk 1:33:16]} 8. Nge2 {[%clk 1:28:31]} Nc6 {[%clk 1:33:34]} 9. d5
{[%clk 1:22:10]} Ne5 {[%clk 1:33:35]} 10. b3 {[%clk 1:21:45]} e6 {[%clk 1:31:23]}
11. dxe6 {[%clk 1:18:11]} fxe6 {[%clk 1:31:33]} 12. O-O {[%clk 1:17:23]} Bb7
{[%clk 1:28:20]} 13. Rc1 {[%clk 1:10:19]} Qe7 {[%clk 1:24:04]} 14. Bf4
{[%clk 1:00:50]} Nh5 {[%clk 1:21:54]} 15. Be3 {[%clk 0:59:11]} Rad8
{[%clk 1:16:07]} 16. Qd2 {[%clk 0:55:55]} Nf6 {[%clk 1:14:10]} 17. Bg5
{[%clk 0:53:24]} h6 {[%clk 1:09:47]} 18. Bh4 {[%clk 0:52:28]} g5 {[%clk 1:09:47]}
19. Bg3 {[%clk 0:52:45]} Nxd3 {[%clk 1:09:48]} 20. Qxd3 {[%clk 0:53:09]} d5
{[%clk 1:10:11]} 21. cxd5 {[%clk 0:46:51]} exd5 {[%clk 1:09:01]} 22. exd5
{[%clk 0:47:07]} Nxd5 {[%clk 1:09:19]} 23. Nxd5 {[%clk 0:46:49]} Bxd5
{[%clk 1:09:41]} 24. Nc3 {[%clk 0:46:08]} Bxb3 {[%clk 1:09:58]} 25. Qa6
{[%clk 0:40:06]} Bd5 {[%clk 1:07:33]} 26. Rfe1 {[%clk 0:37:20]} Qf7
{[%clk 1:07:16]} 27. Nxd5 {[%clk 0:29:41]} Rxd5 {[%clk 1:07:12]} 28. Re2
{[%clk 0:28:59]} Rfd8 {[%clk 1:05:21]} 29. Rce1 {[%clk 0:28:25]} Rd1
{[%clk 1:05:22]} 30. Qa4 {[%clk 0:25:04]} Rxe1+ {[%clk 0:53:12]} 31. Rxe1
{[%clk 0:25:27]} Qd7 {[%clk 0:48:28]} 32. Qc4+ {[%clk 0:24:46]} Kh8
{[%clk 0:48:01]} 33. Be5 {[%clk 0:21:28]} Bxe5 {[%clk 0:33:41]} 34. Rxe5
{[%clk 0:21:49]} Kg7 35. Qc3 {[%clk 0:18:57]} Kf8 {[%clk 0:33:39]} 36. h4
{[%clk 0:15:31]} Qd4+ {[%clk 0:28:17]} 37. Qxd4 {[%clk 0:15:54]} Rxd4
{[%clk 0:28:34]} 38. hxg5 {[%clk 0:15:58]} hxg5 {[%clk 0:28:58]} 39. Rxg5
{[%clk 0:16:07]} Rd2 {[%clk 0:27:34]} 40. a4 {[%clk 0:45:18]} c4 {[%clk 0:57:25]}
41. Rg6 {[%clk 0:43:42]} c3 {[%clk 0:57:41]} 42. Rc6 {[%clk 0:44:06]} c2
{[%clk 0:58:07]} 43. Kh2 {[%clk 0:44:22]} a6 {[%clk 0:58:27]} 44. Kg3
{[%clk 0:31:46]} b5 {[%clk 0:58:43]} 45. axb5 {[%clk 0:32:12]} axb5
{[%clk 0:59:02]} 46. Kf4 {[%clk 0:32:37]} b4 {[%clk 0:59:30]} 47. Ke3
{[%clk 0:31:02]} Rxg2 {[%clk 0:59:58]} 48. Rc8+ {[%clk 0:30:56]} Ke7
{[%clk 1:00:26]} 49. Kd3 {[%clk 0:31:18]} b3 {[%clk 1:00:41]} 50. Rc7+
{[%clk 0:31:12]} Kd8 {[%clk 1:01:06]} 51. Rc3 {[%clk 0:31:37]} b2
{[%clk 1:01:30]} 52. Rxc2 {[%clk 0:32:01]} b1=Q {[%clk 1:01:55]} 53. Ke3
{[%clk 0:32:25]} Qxc2 {[%clk 1:02:18]} 54. Kf4 {[%clk 0:32:52]} Qe2
{[%clk 1:02:38]} 55. Kf5 {[%clk 0:33:17]} Qxf3+ {[%clk 1:02:52]} 56. Ke5
{[%clk 0:33:43]} Qe3+ {[%clk 1:03:15]} 57. Kd5 {[%clk 0:34:08]} Rd2+
{[%clk 1:03:40]} 58. Kc4 {[%clk 0:34:34]} Qd4+ {[%clk 1:04:06]} 59. Kb3
{[%clk 0:34:57]} Rb2+ {[%clk 1:04:29]} 60. Ka3 {[%clk 0:35:23]} Qb4#
{[%clk 1:04:54]} 0-1

[Event "WYCC Open 10"]
[Site "Porto Carras"]
[Date "2015.10.27"]
[Round "3.2"]
[White "Praggnanandhaa, R"]
[Black "Issani, Nameer"]
[Result "1-0"]
[BlackElo "1776"]
[WhiteElo "2077"]
[LiveChessVersion "1.4.6"]

1. e4 {[%clk 1:30:33]} e5 {[%clk 1:30:35]} 2. Nf3 {[%clk 1:30:53]} Nc6
{[%clk 1:30:49]} 3. Bc4 {[%clk 1:31:13]} Bc5 {[%clk 1:31:10]} 4. c3
{[%clk 1:31:21]} Nf6 {[%clk 1:31:09]} 5. d3 {[%clk 1:31:41]} d6 {[%clk 1:31:03]}
6. Bb3 {[%clk 1:31:53]} O-O {[%clk 1:31:02]} 7. Bg5 {[%clk 1:29:47]} Be6
{[%clk 1:26:31]} 8. O-O {[%clk 1:24:04]} Re8 {[%clk 1:23:10]} 9. Nbd2
{[%clk 1:18:59]} h6 {[%clk 1:15:26]} 10. Bh4 {[%clk 1:18:56]} g5 {[%clk 1:13:16]}
11. Bg3 {[%clk 1:15:49]} Kh7 {[%clk 1:11:52]} 12. Bc2 {[%clk 1:12:23]} Kh8
{[%clk 1:10:27]} 13. b4 {[%clk 1:07:46]} Bb6 {[%clk 1:10:38]} 14. b5
{[%clk 1:03:49]} Ne7 {[%clk 1:10:22]} 15. d4 {[%clk 0:56:16]} exd4
{[%clk 1:09:05]} 16. Nxd4 {[%clk 0:55:09]} Ng6 {[%clk 1:07:07]} 17. Nxe6
{[%clk 0:46:12]} Rxe6 {[%clk 1:03:34]} 18. Bb3 {[%clk 0:38:11]} Re7
{[%clk 1:03:34]} 19. Kh1 {[%clk 0:36:12]} Qe8 {[%clk 0:53:02]} 20. f4
{[%clk 0:25:17]} Be3 {[%clk 0:45:50]} 21. e5 {[%clk 0:23:06]} dxe5
{[%clk 0:35:31]} 22. fxe5 {[%clk 0:22:21]} Nd7 {[%clk 0:27:05]} 23. Qh5
{[%clk 0:20:26]} Kg7 {[%clk 0:22:57]} 24. Ne4 {[%clk 0:19:20]} Bf4
{[%clk 0:18:01]} 25. Bxf4 {[%clk 0:17:52]} gxf4 {[%clk 0:17:20]} 26. Nf6
{[%clk 0:15:17]} Nxf6 {[%clk 0:16:10]} 27. exf6+ {[%clk 0:15:37]} Kxf6
{[%clk 0:16:38]} 28. Qxh6 {[%clk 0:14:53]} Re4 {[%clk 0:14:41]} 29. Bd5
{[%clk 0:12:08]} Ra4 {[%clk 0:15:02]} 30. Bb3 {[%clk 0:09:14]} Re4
{[%clk 0:15:16]} 31. Bc2 {[%clk 0:08:36]} Qe5 {[%clk 0:12:35]} 32. Bxe4
{[%clk 0:08:07]} Qxe4 {[%clk 0:12:57]} 33. Qh3 {[%clk 0:06:44]} Rh8
{[%clk 0:12:56]} 34. Rae1 {[%clk 0:06:08]} Qc4 {[%clk 0:11:39]} 35. Qe3
{[%clk 0:05:17]} Rd8 {[%clk 0:09:44]} 36. Qe4 {[%clk 0:04:03]} Qxb5
{[%clk 0:09:48]} 37. Rd1 {[%clk 0:03:43]} Re8 {[%clk 0:08:20]} 38. Qd4+
{[%clk 0:02:55]} Re5 {[%clk 0:08:28]} 39. Rfe1 {[%clk 0:02:06]} f3
{[%clk 0:08:51]} 40. gxf3 {[%clk 0:31:01]} Qc6 {[%clk 0:39:01]} 41. Kg2
{[%clk 0:23:13]} Qe6 {[%clk 0:37:43]} 42. Rxe5 {[%clk 0:20:47]} Nxe5
{[%clk 0:38:05]} 43. Re1 {[%clk 0:20:44]} c5 {[%clk 0:36:56]} 44. Qf4+
{[%clk 0:19:45]} Qf5 {[%clk 0:36:58]} 45. Qxf5+ {[%clk 0:19:58]} Kxf5
{[%clk 0:37:18]} 46. Rb1 {[%clk 0:19:50]} b6 {[%clk 0:37:42]} 47. Kg3
{[%clk 0:19:56]} Nd3 {[%clk 0:37:47]} 48. h4 {[%clk 0:20:19]} Nf4
{[%clk 0:38:10]} 49. Rh1 {[%clk 0:20:10]} Nh5+ {[%clk 0:38:27]} 50. Kf2
{[%clk 0:20:33]} Kf4 {[%clk 0:38:48]} 51. Re1 {[%clk 0:20:38]} 1-0

[Event "WYCC Open 10"]
[Site "Porto Carras"]
[Date "2015.10.27"]
[Round "3.3"]
[White "Gnojek, Petr"]
[Black "Guo, Arthur"]
[Result "0-1"]
[BlackElo "2073"]
[WhiteElo "1791"]
[LiveChessVersion "1.4.6"]

1. d4 {[%clk 1:30:57]} Nf6 {[%clk 1:30:52]} 2. c4 {[%clk 1:31:17]} e6
{[%clk 1:31:13]} 3. Nf3 {[%clk 1:31:39]} Bb4+ {[%clk 1:31:32]} 4. Bd2
{[%clk 1:32:02]} Qe7 {[%clk 1:31:55]} 5. g3 {[%clk 1:32:20]} Nc6 {[%clk 1:32:18]}
6. Nc3 {[%clk 1:32:37]} O-O {[%clk 1:32:40]} 7. Bg2 {[%clk 1:32:32]} Na5
{[%clk 1:33:01]} 8. c5 {[%clk 1:31:18]} Nc4 {[%clk 1:21:31]} 9. Qb3
{[%clk 1:22:29]} Nxd2 {[%clk 1:21:06]} 10. Qxb4 {[%clk 1:21:31]} a5
{[%clk 1:19:40]} 11. Qa4 {[%clk 1:20:35]} Nxf3+ {[%clk 1:19:42]} 12. Bxf3
{[%clk 1:20:54]} e5 {[%clk 1:18:44]} 13. e3 {[%clk 1:16:07]} e4 {[%clk 1:14:31]}
14. Bg2 {[%clk 1:15:38]} d5 {[%clk 1:12:33]} 15. cxd6 {[%clk 1:07:29]} cxd6
{[%clk 1:12:06]} 16. O-O {[%clk 0:59:38]} Bg4 {[%clk 1:10:54]} 17. Rac1
{[%clk 0:51:46]} Rfe8 {[%clk 1:00:22]} 18. Nb5 {[%clk 0:36:21]} Nd5
{[%clk 0:58:16]} 19. Qb3 {[%clk 0:26:41]} Qe6 {[%clk 0:57:04]} 20. h3
{[%clk 0:20:11]} a4 {[%clk 0:56:37]} 21. Qc2 {[%clk 0:16:39]} Bf3
{[%clk 0:53:21]} 22. a3 {[%clk 0:15:47]} Ra5 {[%clk 0:37:08]} 23. Nc7
{[%clk 0:10:01]} Nxc7 {[%clk 0:37:26]} 24. Qxc7 {[%clk 0:10:04]} Rh5
{[%clk 0:37:31]} 25. g4 {[%clk 0:09:59]} Rg5 {[%clk 0:36:40]} 26. Kh2
{[%clk 0:06:09]} Bxg4 {[%clk 0:35:00]} 27. Qxb7 {[%clk 0:02:21]} Bxh3
{[%clk 0:34:24]} 28. Rg1 {[%clk 0:01:08]} Rh5 {[%clk 0:34:30]} 29. Rh1
{[%clk 0:00:51]} Bxg2+ {[%clk 0:34:43]} 0-1

[Event "WYCC Open 10"]
[Site "Porto Carras"]
[Date "2015.10.27"]
[Round "3.4"]
[White "Mendonca, Leon Luke"]
[Black "Wang, Justin"]
[Result "0-1"]
[BlackElo "2046"]
[WhiteElo "1687"]
[LiveChessVersion "1.4.6"]

1. d4 {[%clk 1:30:34]} Nf6 {[%clk 1:30:53]} 2. Bg5 {[%clk 1:30:49]} d5
{[%clk 1:30:19]} 3. Bxf6 {[%clk 1:30:44]} exf6 {[%clk 1:29:15]} 4. e3
{[%clk 1:30:35]} c6 {[%clk 1:28:06]} 5. g3 {[%clk 1:30:14]} Bd6 {[%clk 1:26:52]}
6. Bg2 {[%clk 1:30:03]} O-O {[%clk 1:25:25]} 7. Ne2 {[%clk 1:29:43]} Re8
{[%clk 1:24:38]} 8. O-O {[%clk 1:29:45]} Nd7 {[%clk 1:24:02]} 9. Nd2
{[%clk 1:29:14]} f5 {[%clk 1:22:04]} 10. c4 {[%clk 1:27:05]} dxc4 11. Nxc4
{[%clk 1:26:45]} Nf6 {[%clk 1:20:31]} 12. Nxd6 {[%clk 1:25:29]} Qxd6
{[%clk 1:20:57]} 13. Nc3 {[%clk 1:25:17]} Be6 {[%clk 1:20:06]} 14. Rc1
{[%clk 1:24:36]} Rad8 {[%clk 1:18:47]} 15. Qc2 {[%clk 1:22:07]} g6
{[%clk 1:17:13]} 16. Rfd1 {[%clk 1:20:26]} h5 {[%clk 1:15:47]} 17. h4
{[%clk 1:17:46]} Kg7 {[%clk 1:14:09]} 18. b3 {[%clk 1:16:51]} Nd5
{[%clk 1:03:03]} 19. Nxd5 {[%clk 1:15:39]} Bxd5 {[%clk 0:59:56]} 20. Qc5
{[%clk 1:14:09]} Qb8 {[%clk 0:59:34]} 21. Bxd5 {[%clk 1:13:33]} Rxd5
{[%clk 0:59:32]} 22. Qa3 {[%clk 1:12:24]} g5 {[%clk 0:56:05]} 23. hxg5
{[%clk 0:44:08]} h4 {[%clk 0:56:09]} 24. gxh4 {[%clk 0:35:32]} f4
{[%clk 0:55:32]} 25. e4 {[%clk 0:32:48]} f3 {[%clk 0:47:01]} 26. e5
{[%clk 0:21:47]} Qc8 {[%clk 0:47:19]} 27. Rc3 {[%clk 0:16:05]} Qg4+
{[%clk 0:46:41]} 28. Kf1 {[%clk 0:15:53]} Qg2+ {[%clk 0:47:06]} 29. Ke1
{[%clk 0:16:19]} Qg1+ {[%clk 0:47:20]} 30. Kd2 {[%clk 0:16:35]} Rxd4+
{[%clk 0:47:45]} 31. Rd3 {[%clk 0:15:54]} Rxd3+ {[%clk 0:48:11]} 32. Kxd3
{[%clk 0:16:19]} Qxd1+ {[%clk 0:48:33]} 33. Kc3 {[%clk 0:16:17]} Rd8
{[%clk 0:48:49]} 34. Qe7 {[%clk 0:15:30]} Qd2+ {[%clk 0:49:10]} 35. Kc4
{[%clk 0:15:23]} Qd4# {[%clk 0:49:35]} 0-1

[Event "WYCC Open 10"]
[Site "Porto Carras"]
[Date "2015.10.27"]
[Round "3.5"]
[White "Makoveev, Ilya"]
[Black "Davtyan, Arsen"]
[Result "1/2-1/2"]
[BlackElo "1769"]
[WhiteElo "1982"]
[LiveChessVersion "1.4.6"]

1. e4 {[%clk 1:30:47]} c5 {[%clk 1:30:55]} 2. Nf3 {[%clk 1:31:02]} e6
{[%clk 1:31:12]} 3. d4 {[%clk 1:31:05]} cxd4 {[%clk 1:31:34]} 4. Nxd4
{[%clk 1:31:12]} Nc6 {[%clk 1:31:58]} 5. Nb5 {[%clk 1:28:48]} d6 {[%clk 1:32:02]}
6. c4 {[%clk 1:28:34]} Nf6 {[%clk 1:31:36]} 7. N1c3 {[%clk 1:28:39]} a6
{[%clk 1:31:30]} 8. Na3 {[%clk 1:27:16]} Be7 {[%clk 1:31:21]} 9. Be2
{[%clk 1:27:11]} O-O {[%clk 1:31:26]} 10. O-O {[%clk 1:27:16]} b6
{[%clk 1:29:41]} 11. Be3 {[%clk 1:26:23]} Bb7 {[%clk 1:21:42]} 12. f3
{[%clk 1:23:38]} Nd7 13. Qd2 {[%clk 1:21:39]} Qc7 {[%clk 1:17:28]} 14. Rfd1
{[%clk 1:17:37]} Rad8 {[%clk 1:13:45]} 15. Rac1 {[%clk 1:17:24]} Qb8
{[%clk 1:11:26]} 16. Nc2 {[%clk 1:10:11]} Rc8 {[%clk 0:59:22]} 17. Nd4
{[%clk 1:03:31]} Nce5 {[%clk 0:56:55]} 18. b3 {[%clk 1:03:03]} Nf6
{[%clk 0:56:07]} 19. Bf1 {[%clk 0:50:31]} Rfd8 {[%clk 0:51:40]} 20. Qf2
{[%clk 0:45:31]} Ba8 {[%clk 0:44:58]} 21. Na4 {[%clk 0:37:13]} Ned7
{[%clk 0:41:17]} 22. b4 {[%clk 0:33:16]} d5 {[%clk 0:38:09]} 23. cxd5
{[%clk 0:30:23]} Rxc1 {[%clk 0:34:31]} 24. Rxc1 {[%clk 0:29:46]} exd5
{[%clk 0:34:35]} 25. Nf5 {[%clk 0:26:58]} Bf8 {[%clk 0:30:36]} 26. Qh4
{[%clk 0:19:13]} dxe4 {[%clk 0:26:09]} 27. f4 {[%clk 0:13:08]} Bd5
{[%clk 0:20:23]} 28. Bd4 {[%clk 0:12:07]} Be6 {[%clk 0:19:21]} 29. Ne3
{[%clk 0:12:02]} Bxb4 {[%clk 0:18:05]} 30. Rb1 {[%clk 0:06:31]} Ba5
{[%clk 0:12:34]} 31. Bxa6 {[%clk 0:05:42]} Qc7 {[%clk 0:09:20]} 32. Bb5
{[%clk 0:04:32]} Bd2 {[%clk 0:06:42]} 33. Rd1 {[%clk 0:02:32]} Bxe3+ 34. Bxe3
{[%clk 0:03:02]} Nd5 {[%clk 0:05:42]} 35. Bd4 {[%clk 0:03:01]} N7f6
{[%clk 0:04:55]} 36. Rf1 {[%clk 0:01:58]} Bf5 {[%clk 0:02:34]} 37. Qg5
{[%clk 0:01:38]} Bg6 {[%clk 0:02:42]} 38. f5 {[%clk 0:01:24]} h6 {[%clk 0:02:59]}
39. Qh4 {[%clk 0:01:39]} Bh7 {[%clk 0:02:42]} 40. Qf2 {[%clk 0:31:13]} e3
{[%clk 0:32:33]} 41. Qb2 {[%clk 0:30:04]} Ng4 {[%clk 0:24:23]} 42. g3
{[%clk 0:29:39]} Rc8 {[%clk 0:18:52]} 43. Be2 {[%clk 0:25:26]} Nf2
{[%clk 0:16:51]} 44. Bf3 {[%clk 0:20:25]} Qc4 {[%clk 0:10:40]} 45. Nxb6
{[%clk 0:14:07]} Nxb6 {[%clk 0:10:48]} 46. Bxb6 {[%clk 0:14:08]} Bxf5
{[%clk 0:10:18]} 1/2-1/2

[Event "WYCC Open 10"]
[Site "Porto Carras"]
[Date "2015.10.27"]
[Round "3.6"]
[White "Indriunas, Matas"]
[Black "Sadhwani, Raunak"]
[Result "0-1"]
[BlackElo "1981"]
[WhiteElo "1677"]
[LiveChessVersion "1.4.6"]

1. e4 {[%clk 1:30:57]} c5 {[%clk 1:30:52]} 2. Nf3 {[%clk 1:31:22]} e6
{[%clk 1:31:16]} 3. d4 {[%clk 1:31:48]} cxd4 {[%clk 1:31:40]} 4. Nxd4
{[%clk 1:32:13]} a6 {[%clk 1:32:03]} 5. Bd3 {[%clk 1:32:32]} Nf6 {[%clk 1:32:07]}
6. O-O {[%clk 1:32:51]} Qc7 {[%clk 1:32:21]} 7. Nc3 {[%clk 1:33:07]} d6
{[%clk 1:32:36]} 8. f4 {[%clk 1:32:35]} Nbd7 {[%clk 1:32:44]} 9. Kh1
{[%clk 1:31:41]} Be7 {[%clk 1:31:12]} 10. a4 {[%clk 1:29:57]} b6 {[%clk 1:31:15]}
11. Qe1 {[%clk 1:29:21]} Bb7 {[%clk 1:31:10]} 12. Qg3 {[%clk 1:28:52]} O-O
{[%clk 1:30:59]} 13. Bd2 {[%clk 1:27:08]} Nc5 {[%clk 1:28:40]} 14. e5
{[%clk 1:22:54]} Nd5 {[%clk 1:27:49]} 15. Ne4 {[%clk 1:17:49]} Nxd3
{[%clk 1:26:25]} 16. cxd3 {[%clk 1:18:10]} Kh8 {[%clk 1:26:05]} 17. Ng5
{[%clk 1:12:40]} Bxg5 {[%clk 1:25:00]} 18. fxg5 {[%clk 1:09:01]} dxe5
{[%clk 1:23:29]} 19. Rac1 {[%clk 1:09:18]} Qb8 {[%clk 1:20:40]} 20. Nf3
{[%clk 1:09:11]} Nf4 {[%clk 1:20:28]} 21. Bxf4 {[%clk 1:03:36]} exf4
{[%clk 1:20:49]} 22. Qe1 {[%clk 1:04:00]} Qd6 {[%clk 1:18:49]} 23. Ne5
{[%clk 1:03:12]} f6 {[%clk 1:16:12]} 24. Nc4 {[%clk 1:01:33]} Qxd3
{[%clk 1:10:50]} 25. Nxb6 {[%clk 1:01:11]} f3 {[%clk 1:10:32]} 26. gxf3
{[%clk 1:00:59]} Bxf3+ {[%clk 1:10:57]} 27. Kg1 {[%clk 1:01:22]} Rab8
{[%clk 1:04:33]} 28. Qf2 {[%clk 0:59:27]} fxg5 {[%clk 1:03:53]} 29. Rc3
{[%clk 0:58:25]} Qd8 {[%clk 1:04:06]} 30. Rxf3 {[%clk 0:58:37]} Rxf3
{[%clk 1:04:31]} 31. Qxf3 {[%clk 0:59:01]} Qxb6+ {[%clk 1:04:56]} 32. Rf2
{[%clk 0:58:18]} h6 {[%clk 1:01:29]} 33. Qc3 {[%clk 0:56:23]} Qb4
{[%clk 0:59:18]} 34. Qc6 {[%clk 0:56:31]} Qg4+ {[%clk 0:59:24]} 35. Kh1
{[%clk 0:56:42]} Qd1+ {[%clk 0:58:36]} 36. Kg2 {[%clk 0:57:04]} Qd5+
{[%clk 0:59:01]} 37. Qxd5 {[%clk 0:57:09]} exd5 {[%clk 0:59:26]} 38. Rd2
{[%clk 0:57:09]} Rb4 {[%clk 0:59:34]} 39. Rxd5 {[%clk 0:57:26]} Rxa4
{[%clk 0:59:36]} 40. Rd8+ {[%clk 1:27:45]} Kh7 {[%clk 1:29:47]} 41. Ra8
{[%clk 1:28:04]} Ra2 {[%clk 1:30:01]} 42. Kg3 {[%clk 1:28:31]} Kg6
{[%clk 1:30:07]} 43. b4 {[%clk 1:28:51]} Ra3+ {[%clk 1:30:20]} 44. Kg2 Ra4
{[%clk 1:30:36]} 45. h3 {[%clk 1:29:05]} Kh5 {[%clk 1:30:47]} 46. b5
{[%clk 1:29:28]} axb5 {[%clk 1:31:04]} 0-1

[Event "WYCC Open 10"]
[Site "Porto Carras"]
[Date "2015.10.27"]
[Round "3.7"]
[White "Lamblin, Alexandre"]
[Black "Babazada, Khazar"]
[Result "0-1"]
[BlackElo "1938"]
[WhiteElo "1607"]
[LiveChessVersion "1.4.6"]

1. d4 {[%clk 1:30:54]} Nf6 {[%clk 1:30:39]} 2. Nf3 {[%clk 1:31:15]} e6
{[%clk 1:30:52]} 3. Bg5 {[%clk 1:31:34]} Be7 {[%clk 1:30:59]} 4. c4
{[%clk 1:31:54]} b6 {[%clk 1:31:16]} 5. Nc3 {[%clk 1:32:17]} Bb7 {[%clk 1:31:31]}
6. g3 {[%clk 1:32:26]} O-O {[%clk 1:31:31]} 7. Bg2 {[%clk 1:32:51]} h6
{[%clk 1:31:52]} 8. Bxf6 {[%clk 1:33:11]} Bxf6 {[%clk 1:32:13]} 9. O-O
{[%clk 1:33:28]} d6 {[%clk 1:29:37]} 10. Qd2 {[%clk 1:33:16]} Nd7
{[%clk 1:26:18]} 11. Rfd1 {[%clk 1:29:22]} Be7 {[%clk 1:25:00]} 12. Rac1
{[%clk 1:29:15]} Rb8 {[%clk 1:22:55]} 13. Ne1 {[%clk 1:25:48]} c6
{[%clk 1:19:22]} 14. f4 {[%clk 1:25:19]} Qc7 {[%clk 1:17:26]} 15. e3
{[%clk 1:24:43]} Rbd8 {[%clk 1:17:26]} 16. Qe2 {[%clk 1:23:27]} Rfe8
{[%clk 1:14:53]} 17. Nd3 {[%clk 1:16:39]} Qb8 {[%clk 1:11:47]} 18. Nb4
{[%clk 1:13:00]} d5 {[%clk 1:10:49]} 19. Nc2 {[%clk 1:10:54]} Nf6
{[%clk 1:09:50]} 20. Ne1 {[%clk 1:07:16]} c5 {[%clk 1:09:14]} 21. dxc5
{[%clk 1:00:33]} bxc5 {[%clk 1:08:06]} 22. Nf3 {[%clk 0:59:47]} a6
{[%clk 0:59:33]} 23. b3 {[%clk 0:56:00]} Qa7 {[%clk 0:59:31]} 24. Kf1
{[%clk 0:55:16]} d4 {[%clk 0:57:39]} 25. Nb1 {[%clk 0:50:29]} Be4
{[%clk 0:52:28]} 26. Ne5 {[%clk 0:49:26]} Qa8 {[%clk 0:52:18]} 27. exd4
{[%clk 0:47:46]} cxd4 {[%clk 0:52:34]} 28. Bxe4 {[%clk 0:48:05]} Nxe4
{[%clk 0:52:38]} 29. Rd3 {[%clk 0:47:24]} Nc5 {[%clk 0:48:16]} 30. Rf3
{[%clk 0:43:28]} f5 {[%clk 0:47:48]} 31. Nd2 {[%clk 0:43:23]} Bf6
{[%clk 0:47:55]} 32. Nd3 {[%clk 0:43:05]} Ne4 {[%clk 0:48:01]} 33. Nb1
{[%clk 0:38:33]} e5 {[%clk 0:47:55]} 34. fxe5 {[%clk 0:38:12]} Bxe5
{[%clk 0:48:09]} 35. Rxf5 {[%clk 0:38:18]} Bxg3 {[%clk 0:48:07]} 36. Qf3
{[%clk 0:37:36]} Rf8 {[%clk 0:48:00]} 37. Kg1 {[%clk 0:37:06]} Bh4
{[%clk 0:47:14]} 38. Rf1 {[%clk 0:37:01]} Rxf5 {[%clk 0:45:10]} 39. Qxf5
{[%clk 0:37:27]} Bg5 {[%clk 0:45:16]} 40. Qf7+ {[%clk 1:07:07]} Kh8
{[%clk 1:15:31]} 41. Qg6 {[%clk 1:06:23]} Be3+ {[%clk 1:15:54]} 42. Nf2
{[%clk 1:06:35]} Nxf2 {[%clk 1:15:50]} 43. Rxf2 {[%clk 1:06:59]} Rf8
{[%clk 1:16:18]} 0-1

[Event "WYCC Open 10"]
[Site "Porto Carras"]
[Date "2015.10.27"]
[Round "3.8"]
[White "Daneshvar, Bardiya"]
[Black "Bousmaha, Wassel"]
[Result "1-0"]
[BlackElo "1753"]
[WhiteElo "1897"]
[LiveChessVersion "1.4.6"]

1. e4 {[%clk 1:30:54]} e5 {[%clk 1:30:57]} 2. Nc3 {[%clk 1:31:13]} Nf6
{[%clk 1:31:23]} 3. Bc4 {[%clk 1:31:31]} Nxe4 {[%clk 1:31:43]} 4. Nf3
{[%clk 1:31:06]} Nxc3 {[%clk 1:31:56]} 5. dxc3 {[%clk 1:31:27]} Be7
{[%clk 1:31:00]} 6. Nxe5 {[%clk 1:25:57]} O-O {[%clk 1:31:12]} 7. O-O
{[%clk 1:19:47]} d6 {[%clk 1:31:08]} 8. Nd3 {[%clk 1:19:11]} d5 {[%clk 1:31:04]}
9. Bb3 {[%clk 1:19:29]} c6 {[%clk 1:30:36]} 10. Be3 {[%clk 1:17:37]} Nd7
{[%clk 1:29:07]} 11. c4 {[%clk 1:12:16]} dxc4 {[%clk 1:27:07]} 12. Bxc4
{[%clk 1:12:31]} Nf6 {[%clk 1:27:06]} 13. h3 {[%clk 1:00:47]} Bd6
{[%clk 1:09:10]} 14. Qf3 {[%clk 0:58:33]} Qc7 {[%clk 1:04:52]} 15. Rfe1
{[%clk 0:52:14]} Bd7 {[%clk 1:03:11]} 16. Bd4 {[%clk 0:49:23]} Ne8
{[%clk 1:01:24]} 17. Ne5 {[%clk 0:48:05]} c5 {[%clk 1:00:22]} 18. Nxf7
{[%clk 0:46:02]} 1-0